Geschichte Serbiens
| Titel: | Geschichte Serbiens : 19. - 21. Jahrhundert / Holm Sundhaussen |
|---|---|
| Verfasser: | |
| Veröffentlicht: | Wien [u.a.] : Böhlau, 2007 |
| Umfang: | 514 S. : Ill., Kt. |
| Format: | Buch |
| Sprache: | Deutsch |
| RVK-Notation: |
·
|
| ISBN: | 9783205776604 |
| Hinweise zum Inhalt: |
Inhaltsverzeichnis
Rezension |
alg: 18799438
001A $00077:15-06-07
001B $01999:03-06-23 $t02:10:23.000
001C $00946:21-06-12 $t11:17:47.000
001D $00066:21-09-07
001U $0utf8
001X $00
002@ $0Aau
003@ $0187994382
003O $0611695164 $aOCoLC
004A $A978-3-205-77660-4 $fGb. : EUR 59.00
004K $09783205776604
006D $0DNB:984254080
006G $0984254080
006T $007,N24,2587
006U $007,A40,2292 $f20070516
007A $0187994382 $aHEB
007G $0AT001264C9597AEBC00C3C12573560055DB31
009P $qapplication/pdf $A2 $3Inhaltsverzeichnis $uhttp://scans.hebis.de/HEBCGI/show.pl?18799438_toc.pdf $mV:DE-603;B:DE-17
009P $qapplication/pdf $A2 $3Rezension $uhttp://scans.hebis.de/HEBCGI/show.pl?18799438_rez.pdf $mV:DE-576
010@ $ager
011@ $a2007
013H $0z
021A $aGeschichte Serbiens $d19. - 21. Jahrhundert $hHolm Sundhaussen
028A $#Sundhaussen, Hans Holm $#Zundhausen, Holm $7120956055 $8Sundhaussen, Holm$Z1942-2015 [Tp1] $9152444815
033A $pWien {[u.a.] $nBöhlau
034D $a514 S.
034M $aIll., Kt.
041A $RSerbien und Montenegro $#Serbien $#Serbien $#Nachfolgestaaten Jugoslawiens $#Serbien $#Serbien (vor 1918) $#Србиja $#Serbie $#République Populaire de Serbie $#RP de Serbie $#Narodna Republika Srbija $#Socijalistička Republika Srbija $#Serbien Gebiet unter Deutscher Besatzung, 1941-1944 $#Besetztes Serbisches Gebiet $#Okupirana Srpska Teritorija $#Kraljevina Srbija $#Royaume de Serbie $#NR Srbije $#SR Srbije $#Sozialistische Republik Serbien $#SRS $#NRS $#Fürstentum Serbien $#Altserbien $#Königreich Serbien $#Republika Srbija $#Republic of Serbia $#Republik Serbien $#Srbija $#Serbien ab 2006 $#SR Srbija Socijalistička republika Srbija $#Serbia ab 2006 $#Serbia $#Srbija ab 2006 $#Socijalistička republika Srbija $74054598-2 $8Serbien [Tg1] $9085151912
044N $aWeltkrieg, Volk, Nationalstaat, Industrialisierung, Bürgerkrieg, Aufstand
045E $c940
045F $a949.71 $eDDC22ger
045F/01 $a949.71
045G $a909 $eDDC23BSB
045G/01 $a909
045G/03 $g496
045H $a900.949609034 $eDDC23BSB
045H/01 $a900
045H/03 $f09034
045H/03 $f09041
045H/03 $f0904
045H/03 $g496
045R $aGeschichte 1804-2000
045Z $8KW 4017 [Tkv] $9409368938
045Z $8NK 2435 [Tkv] $9410888486
046M $aLiteraturverz. S. [467] - 490
lok: 18799438 3
101B $007-11-07 $t12:41:31.000
101C $026-10-07
101U $0utf8
145S/01 $a039
145S/02 $a036
exp: 18799438 3 1 #EPN
201B/01 $007-11-07 $t12:42:02.000
201C/01 $017-10-07
201U/01 $0utf8
203@/01 $0509454003
208@/01 $a07-11-07 $bzAa
209A/01 $aHB 9: Se 100 $ds $f000 $hHB 9 SE 100 $x00
209A/01 $a13.544.17 $h13 544 17 $x09
209G/01 $a13544174 $x00
209G/01 $aLesesaal Geisteswissenschaften $x01
247C/01 $8601000-3 <30>Frankfurt, Universitätsbibliothek J. C. Senckenberg, Zentralbibliothek (ZB) $9102598258
exp: 18799438 3 2 #EPN
201B/02 $017-10-07 $t21:22:22.000
201C/02 $018-07-07
201U/02 $0utf8
203@/02 $0506489221
208@/02 $a08-10-07 $bzCh
209A/02 $a02/NK 2435 S958 $du $f330 $h02 NK 2435 S958 $x00
209B/02 $a4401 $x05
209C/02 $aBzG-2007/6636
209G/02 $a1002911426 $x00
247C/02 $8601330-2 <30/330>Frankfurt, Universitätsbibliothek J. C. Senckenberg, Bibliothekszentrum Geisteswissenschaften (BzG) $9102599378
lok: 18799438 8
exp: 18799438 8 1 #EPN
201B/01 $005-05-23 $t17:27:25.000
201C/01 $026-10-07
201U/01 $0utf8
203@/01 $0510260454
208@/01 $a22-11-07 $bz
209A/01 $a/NK 2435 S958 $du $f001 $x00
209G/01 $a16782254 $x00
209G/01 $a2. Obergeschoss $x01
247C/01 $8611001-0 <17/1>Darmstadt, TU Darmstadt, Universitäts- und Landesbibliothek - Schloss $9102595887
lok: 18799438 11
exp: 18799438 11 1 #EPN
201B/01 $021-02-13 $t06:58:00.000
201C/01 $031-08-07
201U/01 $0utf8
203@/01 $050807522X
208@/01 $a08-10-07 $bz
209A/01 $a60 07 A 3930 $du $f100 $x00
209B/01 $a56 $x05
209C/01 $a25-07-272
209G/01 $a00814555 $x00
247C/01 $8620100-3 <43>Wiesbaden, Hochschul- und Landesbibliothek RheinMain, Rheinstraße $9102599572
lok: 18799438 21
exp: 18799438 21 1 #EPN
201B/01 $008-10-07 $t12:23:14.000
201C/01 $028-06-07
201U/01 $0utf8
203@/01 $0505934523
208@/01 $a08-10-07 $bz
209A/01 $a2007/2657 $du $f100 $x00
209G/01 $aMagazin $x01
209G/01 $a52264081 $x00
247C/01 $8640100-4 <66>Fulda, Hochschul-, Landes- und Stadtbibliothek Fulda, Standort Heinrich-von-Bibra-Platz $9102599599
lok: 18799438 23
exp: 18799438 23 1 #EPN
201B/01 $024-09-07 $t14:15:16.000
201C/01 $027-06-07
201U/01 $0utf8
203@/01 $0505909502
208@/01 $a24-09-07 $bz
209A/01 $a25 Ges IN 2503 $du $f024 $hGES IN 2503 $x00
209G/01 $a24723194 $x00
247C/01 $8352024-9 <34/24>Kassel, UB Kassel, Standort Holländischer Platz $9102599459
lok: 18799438 24
101B $013-02-09 $t13:22:09.000
101C $013-02-09
101U $0utf8
145Z/01 $a56 7 A
145Z/02 $a56 7 J
145Z/03 $a56 7 P
exp: 18799438 24 1 #EPN
201B/01 $013-02-09 $t13:22:09.000
201C/01 $019-12-08
201U/01 $0utf8
203@/01 $0565092928
208@/01 $a13-02-09 $bz
209A/01 $a09.0156 $du $f050 $h09 0156 $x00
209C/01 $a09.0156 K $h09 0156 K
209G/01 $a72182855 $x00
220C/01 $awar/hae
247C/01 $8358050-7 Marburg, Bibliothek des Herder-Instituts Marburg $9102600961
lok: 18799438 25
exp: 18799438 25 1 #EPN
201B/01 $016-12-25 $t11:10:40.000
201C/01 $015-06-07
201U/01 $0utf8
203@/01 $0505270013
208@/01 $a13-11-07 $bzis
209A/01 $aESd 100 $dd $f092 $x00
209C/01 $a266/07
209G/01 $a73885362 $x00
209G/01 $aOsteuropäische Geschichte $x01
247C/01 $8651092-9 <77/092>Mainz, Universität Mainz, Bereichsbibliothek Philosophicum, Standort Osteuropäische Geschichte $9102600414
lok: 18799438 204
exp: 18799438 204 1 #EPN
201B/01 $018-10-07 $t13:31:13.000
201C/01 $018-06-07
201U/01 $0utf8
203@/01 $0505303663
208@/01 $a18-10-07 $bzUB
209A/01 $aFH sla Mc 2.1 $du $f000 $x00
209A/01 $a22.096.77 $h22 096 77 $x09
209B/01 $a00001 $x05
209G/01 $a22096770 $x00
245S/01 $a21000 $x01
247C/01 $8631000-x <26>Gießen, Universität Gießen, Universitätsbibliothek Gießen $9102596697
lok: 18799438 205
exp: 18799438 205 1 #EPN
201B/01 $010-03-18 $t07:49:59.000
201C/01 $018-09-07
201U/01 $0utf8
203@/01 $0508608813
208@/01 $a28-09-07 $bz
209A/01 $a001 NZN L Bk 1092 $db $f000 $x00
209B/01 $a80 $x05
209C/01 $a07/480 NG2
209G/01 $a55855552 $x00
209G/01 $aFreihandbereich $x01
220B/01 $aaltbik403
247C/01 $8351000-1 <4>Marburg, Universität Marburg, Universitätsbibliothek $9102594767
| LEADER | 00000cam a2200000 c 4500 | ||
|---|---|---|---|
| 001 | 187994382 | ||
| 003 | DE-603 | ||
| 005 | 20230603021023.0 | ||
| 007 | tu | ||
| 008 | 070615s2007 xx |||| | u00||u|ger | ||
| 015 | |a 07,A40,2292 |z 07,N24,2587 |2 dnb | ||
| 016 | 7 | |2 DE-101 |a 984254080 | |
| 020 | |a 9783205776604 |c Gb. : EUR 59.00 | ||
| 024 | 3 | |a 9783205776604 | |
| 035 | |a (DE-599)HEB187994382 | ||
| 035 | |a (OCoLC)611695164 | ||
| 040 | |a DE-603 |b ger |c DE-603 |d DE-603 | ||
| 041 | |a ger | ||
| 082 | 0 | 4 | |8 1\u |a 949.71 |q DE-101 |2 22/ger |
| 083 | 0 | |8 2\u |a 909 |q DE-101 |2 23/BSB | |
| 083 | 0 | |8 3\u |a 900.949609034 |q DE-101 |2 23/BSB | |
| 084 | |a 940 |q DE-101 |2 sdnb | ||
| 084 | |a KW 4017 |0 (DE-625)86924: |0 (DE-603)409368938 |2 rvk | ||
| 084 | |a NK 2435 |0 (DE-625)125890: |0 (DE-603)410888486 |2 rvk | ||
| 085 | |8 1\u |b 949.71 | ||
| 085 | |8 2\u |b 909 | ||
| 085 | |8 2\u |z 2 |s 496 | ||
| 085 | |8 3\u |b 900 | ||
| 085 | |8 3\u |z 1 |s 09034 | ||
| 085 | |8 3\u |z 1 |s 09041 | ||
| 085 | |8 3\u |z 1 |s 0904 | ||
| 085 | |8 3\u |z 2 |s 496 | ||
| 100 | 1 | |a Sundhaussen, Holm |d 1942-2015 |0 (DE-603)152444815 |0 (DE-588)120956055 |2 gnd | |
| 245 | 0 | 0 | |a Geschichte Serbiens |b 19. - 21. Jahrhundert |c Holm Sundhaussen |
| 264 | 1 | |a Wien [u.a.] |b Böhlau |c 2007 | |
| 300 | |a 514 S. |b Ill., Kt. | ||
| 504 | |a Literaturverz. S. [467] - 490 | ||
| 648 | 7 | |a Geschichte 1804-2000 |2 gnd | |
| 651 | 7 | |a Serbien |0 (DE-588)4054598-2 |0 (DE-603)085151912 |2 gnd | |
| 856 | 4 | 2 | |m V:DE-603;B:DE-17 |q application/pdf |u http://scans.hebis.de/HEBCGI/show.pl?18799438_toc.pdf |3 Inhaltsverzeichnis |
| 856 | 4 | 2 | |m V:DE-576 |q application/pdf |u http://scans.hebis.de/HEBCGI/show.pl?18799438_rez.pdf |3 Rezension |
| 924 | 0 | |9 30 |a (DE-603)509454003 |b DE-30 |c HES |d b |g HB 9: Se 100 |h Lesesaal Geisteswissenschaften |i 13.544.17 | |
| 924 | 0 | |9 30/330 |a (DE-603)506489221 |b DE-30-330 |c HES |d d |g 02/NK 2435 S958 | |
| 924 | 0 | |9 17/1 |a (DE-603)510260454 |b DE-17-1 |c HES |d b |g /NK 2435 S958 |h 2. Obergeschoss | |
| 924 | 0 | |9 43 |a (DE-603)50807522X |b DE-43 |c HES |d c |g 60 07 A 3930 | |
| 924 | 0 | |9 66 |a (DE-603)505934523 |b DE-66 |c HES |d c |g 2007/2657 |h Magazin | |
| 924 | 0 | |9 34/24 |a (DE-603)505909502 |b DE-34-24 |c HES |d c |g 25 Ges IN 2503 | |
| 924 | 0 | |9 Mb 50 |a (DE-603)565092928 |b DE-Mb50 |c HES |d c |g 09.0156 | |
| 924 | 0 | |9 77/092 |a (DE-603)505270013 |b DE-77-092 |c HES |d d |g ESd 100 | |
| 924 | 0 | |9 26 |a (DE-603)505303663 |b DE-26 |c HES |d c |g FH sla Mc 2.1 |i 22.096.77 | |
| 924 | 0 | |9 4 |a (DE-603)508608813 |b DE-4 |c HES |d c |g 001 NZN L Bk 1092 |h Freihandbereich | |


